| 000 | 00373nam a2200145Ia 4500 | ||
|---|---|---|---|
| 008 | 150201s2009 xx 000 0 und d | ||
| 082 |
_a612.015 _bB2009G |
||
| 100 | _aGUTA PREM PRAKASH | ||
| 245 | _aTEXT BOOK OF BIOCHEMISTRY | ||
| 250 | _a1ST | ||
| 260 |
_bC.B.S PUBLISHERS & DISTRIBUTERS _aDELHI _c2009 |
||
| 300 | _a1-788 | ||
| 650 | _aBIOCHEMISTRY | ||
| 942 |
_2ddc _cBK _01 |
||
| 999 |
_c4392 _d4392 |
||